000 00316 a2200109 4500
001 ART_7120
005 20260410161719.0
008 260409a
245 1 0 _aLa Contabilidad
100 1 _aGarcía Casella, Carlos Luis
773 0 _tContabilidad y auditoría
_g- Año 6, Nº 12 (dic. 2000)
_wREV1723
999 _c16835
_d16835